00707 2200205 4500001002100000005001700021008004100038020002900079035002500108082001200133090002200145110004600167245014300213250001100356260003300367300001900400650005300419850001200472990001700484YOGYA-0209000000280720150420171454.0 ind  a979-3270-08(jil lengkap) a0010-020900000002807 a346.082 aRQ 346.082bInd S aINDONESIA [Undang-undang, Peraturan dsb.] aSeri Peraturan Perundang-undangan Perbankan Indonesia tahun 1950-2004bmemuat tentang peraturan Bank Indonesia Surat Edaran Bank Indonesia aCet. 1 aJakartabCitra Mandiric2004 a3 jilidc28 cm aBank dan Perbankan - Undang-undang dan Peraturan aYOPDYOG a3454-PD/B.05